000 00535nam a22001817a 4500
005 20251108171907.0
008 250721s1998 xx 000 0 ara d
082 1 4 _a307.7209564/صقو
100 1 _aالصقور، جمال
245 1 0 _aنوبا إطلاله على الريف الفلسطيني /
264 1 _aعمان :
_bدائرة المكتبة الوطنية،
_c1998.
300 _a289ص
650 1 7 _aالمجتمع
650 1 7 _aتاريخ فلسطين
650 1 7 _aالريف
942 _2ddc
_cBK
999 _c65368
_d65368